000 00521nam a2200157Ia 4500
008 230907s9999||||xx |||||||||||||| ||und||
082 _a620
_bTAH
100 _aMuhammad Tahir (00000276956)
_9116692
245 0 _aStudy on properties of Praseodymium doped NiOx thin film as hole transport layer for perovskite solar cell /
260 _aUSPCAS-E, NUST,
_bIslamabad :
_c2022
300 _axiii, 82 p.
520 _aTH-362
650 _aMS-TEE Thesis MS Thesis
700 _aDr. Sehar Shakir
_9117750
942 _cTHE
_2ddc
999 _c602040
_d602040